Statistics for Toledo Basketball: Top 10 All-Time Leaders

Click here to take the quiz!

General Stats

  • This quiz has been taken 2 times
    (0 since last reset)
  • The average score is 0 of 91

Answer Stats

Category#PlayerAmount% Correct
Blocks6A.J. Edu89
0%
Blocks9Allen Pinson72
0%
Blocks5Casey Shaw112
0%
Rebounds5Casey Shaw871
0%
Field Goal Percent5Casey Shaw54.6%
0%
Three Pointers Made6Chad Kamstra228
0%
Field Goal Percent6Craig Sutters53.8%
0%
Blocks7Craig Sutters80
0%
Steals4Craig Thames207
0%
Points2Craig Thames1,964
0%
Points Per Game6Craig Thames17.2
0%
Assists8Craig Thames365
0%
Rebounds3Dick Miller885
0%
Rebounds2Doug Hess892
0%
Field Goal Percent1Florentino Valencia62.2%
0%
Points8Greg Stempin1,705
0%
ReboundsT6Greg Stempin836
0%
Field Goal Percent10Harvey Knuckles52.1%
0%
Three Pointers Made5Jaelan Sanford238
0%
Points6Jaelan Sanford1,789
0%
GamesT1Jaelan Sanford133
0%
Assists6Jaelan Sanford373
0%
Assists10Jay Gast309
0%
Field Goal Percent9Jay Gast52.2%
0%
Blocks3J.C. Harris138
0%
Blocks8Jerrah Young73
0%
Rebounds9Jim Brown790
0%
Points Per Game7Jim Ray17.1
0%
Field Goal Percent2Jim Swaney57.1%
0%
GamesT9Jonathan Amos123
0%
Steals2Jonathan Amos242
0%
Three Pointers Made7Jonathan Williams222
0%
Points7Jonathan Williams1,757
0%
GamesT5Jonathan Williams131
0%
GamesT1Jordan Lauf133
0%
Blocks4JT Shumate116
0%
Field Goal Percent4JT Shumate55.4%
0%
GamesT5Julius Brown131
0%
Three Pointers Made10Julius Brown199
0%
Assists1Julius Brown694
0%
Points3Julius Brown1,838
0%
GamesT9Justin Anyijong123
0%
Three Pointers Made8Justin Ingram213
0%
GamesT9Justin Ingram123
0%
Assists4Justin Ingram385
0%
Steals3Justin Ingram217
0%
Assists7Kashif Payne368
0%
Points5Keith Triplett1,814
0%
Steals1Keith Triplett278
0%
Assists3Keith Wade560
0%
Steals6Keith Wade177
0%
Points1Ken Epperson2,016
0%
Rebounds1Ken Epperson960
0%
Points Per Game5Ken Epperson18.0
0%
Field Goal Percent3Ken Epperson55.5%
0%
Points Per Game2Larry Jones20.9
0%
GamesT1Luke Knapke133
0%
ReboundsT6Luke Knapke836
0%
ReboundsT6Luke Knapke836
0%
Blocks1Luke Knapke197
0%
Field Goal Percent8Luke Knapke53.2%
0%
Three Pointers Made2Marreon Jackson307
0%
Points4Marreon Jackson1,817
0%
Steals7Marreon Jackson174
0%
GamesT7Marreon Jackson127
0%
Assists2Marreon Jackson573
0%
Blocks10Milo Kirsh71
0%
GamesT1Nate Navigato133
0%
Three Pointers Made1Nate Navigato309
0%
GamesT7Nathan Boothe127
0%
Blocks2Nathan Boothe155
0%
Three Pointers Made3Nick Moore276
0%
Steals10Ra'Heim Moss144
0%
Points Per Game10Rayj Dennis16.1
0%
Assists9Rayj Dennis339
0%
Rebounds10Ray Wolford777
0%
Points Per Game4Ray Wolford18.7
0%
Points Per Game9Rian Pearson16.2
0%
Points10Rian Pearson1,589
0%
Steals8Rian Pearson163
0%
Steals5Robert Kizer181
0%
Points Per Game8Ryan Rollins16.4
0%
Three Pointers Made4Sammy Villegas243
0%
Three Pointers Made9Spencer Littleson207
0%
Points Per Game1Steve Mix23.0
0%
Rebounds4Steve Mix872
0%
Points9Steve Mix1,676
0%
Field Goal Percent7Steve Mix53.3%
0%
Assists5Tim Reiser380
0%
Points Per Game3Tom Kozelko19.5
0%
Steals9Tyrone Kent149
0%

Score Distribution

Percentile by Number Answered

Percent of People with Each Score

Your Score History

You have not taken this quiz since the last reset